Business : An Integrative Framework. (Record no. 1711)

MARC details
005 - DATE AND TIME OF LATEST TRANSACTION
control field 20250428130224.0
020 ## - INTERNATIONAL STANDARD BOOK NUMBER
International Standard Book Number 0-256-23612-7
082 ## - DEWEY DECIMAL CLASSIFICATION NUMBER
Classification number 658 FRY
100 ## - MAIN ENTRY--PERSONAL NAME
Author name FRY, F. L.
245 ## - TITLE STATEMENT
Title Business : An Integrative Framework.
250 ## - EDITION STATEMENT
Edition statement 6th Ed.
260 ## - PUBLICATION, DISTRIBUTION, ETC.
Place of publication, distribution, etc. New York,
Name of publisher, distributor, etc. Mcgraw- Hill Irwin,
Date of publication, distribution, etc. 1998.
300 ## - PHYSICAL DESCRIPTION
Extent xxxix,602p.: Ill.;figures & pictures
Other physical details Glossary & Index
Dimensions 25cm.
700 ## - ADDED ENTRY--PERSONAL NAME
Other authors/Editors STONER, C. R. & HATTWICK, R. E.
856 ## - ELECTRONIC LOCATION AND ACCESS
Link text Access Online Book
Electronic name Business
Path http://www.mhhe.com
942 ## - ADDED ENTRY ELEMENTS (KOHA)
Source of classification or shelving scheme Dewey Decimal Classification
Koha item type Books
Holdings
Date last seen Total checkouts Full call number Barcode Cost, replacement price Price effective from Koha item type Lost status Source of classification or shelving scheme Damaged status Not for loan Withdrawn status Home library Current library Shelving location Date acquired Cost, normal purchase price
04/28/2025   658 FRY 0000006433 234000.00 04/28/2025 Books   Dewey Decimal Classification       College of Business Education Main Library College of Business Education Main Library General Collection 04/28/2025 78000.00
04/28/2025   658 FRY 0000006434 234000.00 04/28/2025 Books   Dewey Decimal Classification       College of Business Education Main Library College of Business Education Main Library General Collection 04/28/2025 78000.00
04/28/2025   658 FRY 0000006435 234000.00 04/28/2025 Books   Dewey Decimal Classification       College of Business Education Main Library College of Business Education Main Library General Collection 04/28/2025 78000.00
04/28/2025   658 FRY 0000006436 234000.00 04/28/2025 Books   Dewey Decimal Classification       College of Business Education Main Library College of Business Education Main Library General Collection 04/28/2025 78000.00
04/28/2025   658 FRY 0000006437 234000.00 04/28/2025 Books   Dewey Decimal Classification       College of Business Education Main Library College of Business Education Main Library General Collection 04/28/2025 78000.00
04/28/2025   658 FRY 0000006438 234000.00 04/28/2025 Books   Dewey Decimal Classification       College of Business Education Main Library College of Business Education Main Library General Collection 04/28/2025 78000.00
04/28/2025   658 FRY 0000006439 234000.00 04/28/2025 Books   Dewey Decimal Classification       College of Business Education Main Library College of Business Education Main Library General Collection 04/28/2025 78000.00
04/28/2025   658 FRY 0000006440 234000.00 04/28/2025 Books   Dewey Decimal Classification       College of Business Education Main Library College of Business Education Main Library General Collection 04/28/2025 78000.00
04/28/2025   658 FRY 0000006441 234000.00 04/28/2025 Books   Dewey Decimal Classification       College of Business Education Main Library College of Business Education Main Library General Collection 04/28/2025 78000.00